01130nas a2200325 4500001001300000003000900013005001700022007000300039008003400042040005400076041000900130072000800139100002000147100002400167100001700191100002700208100002000235100001500255100001700270100001600287245011900303650001200422650001700434650002400451773009500475909004000570942001800610999001900628952015700647BR2013006054BR-BrBNA20231205122730.0ta230509b bl.|||p| |||| 00| 00por d aBR-BrBNAbporcBiblioteca Nacional de Agricultura a(En) aF021 aBarbosa, L.M.P.1 aPaiva Neto, V.B. de1 aDias, L.L.C.1 aFestucci-Buselli, R.A.1 aAlexandre, R.S.1 aIarema, L.1 aFinger, F.L.1 aOtoni, W.C.1 aBiochemical and morpho-anatomical analyses of strawberry vitroplants hyperhydric affected by BA and gelling agents aMORANGO aBIOQUÍMICA aMICROPROPAGAÇÃO0 tRevista Ceres (Brazil)xISSN 0034-737X g(Mar-Apr 2013), v. 60(2) p. 152-160wBR2013006054 a202311bLúciac55dLúcia Elande 2AGRISn0cANA c230235d230235 002AGRIS4071a41918b41918cPeriódicos Agrícolash(Mar-Apr 2013), v. 60(2) p. 152-160l0r2023-11-29t01yCRePortaria Interministerial nº 164/94